000 00468nam a22001577a 4500
003 OSt
005 20150929165137.0
008 150929b xxu||||| |||| 00| 0 eng d
040 _cRUA
082 _aAGR TEK 2002 B061 Or.1
100 _91577
_aTEK KIMSONG
245 _aEffect de l'azote 18% sur la tomate a' la station expe'rimentale de l'university royale d'agriculture,
260 _aphnom penh
_bRUA
_c2002
300 _av, 43p.
_bill.
_c29cm.
942 _2ddc
_cAGR
999 _c1488
_d1488